Elenca la formazione - Finale UEFA Champions League 2010-2011 - Statistics

Statistiche generali
  • Questo quiz è stato fatto 155 volte
  • Il punteggio medio è 19 su 22
Statistiche sulle risposte
Ruolo Nazione Calciatore % Corretto
Attaccante Argentina Lionel Messi
100%
Centrocampista Spagna Andrés Iniesta
99%
Centrocampista Spagna Xavi
99%
Portiere Paesi Bassi Edwin van der Sar
98%
Difensore Spagna Gerard Piqué
98%
Difensore Brasile Dani Alves
97%
Centrocampista Spagna Sergio Busquets
97%
Portiere Spagna Víctor Valdés
97%
Attaccante Spagna David Villa
95%
Difensore Serbia Nemanja Vidić
95%
Attaccante Inghilterra Wayne Rooney
95%
Difensore Argentina Javier Mascherano
93%
Centrocampista Galles Ryan Giggs
91%
Centrocampista Corea del Sud Park Ji-sung
90%
Attaccante Spagna Pedro
90%
Attaccante Messico Javier Hernández
89%
Difensore Inghilterra Rio Ferdinand
86%
Difensore Francia Éric Abidal
84%
Difensore Francia Patrice Evra
80%
Centrocampista Ecuador Antonio Valencia
75%
Centrocampista Inghilterra Michael Carrick
63%
Difensore Brasile Fábio
34%
Nessun quiz corrispondente trovato
Distribuzione punteggi
Percentuale di utenti per punteggio
Percentile per numero di risposta
I tuoi punteggi nel tempo
Non hai fatto questo quiz